[Event "AUTO-MASTER-2665"]
[Site "http://www.queenalice.com/game.php?id=1504368"]
[Date "2017.11.19"]
[Round "1"]
[White "Bategoll"]
[Black "maxchessbr"]
[Result "0-1"]
[WhiteElo "1884"]
[BlackElo "2245"]

1. e4 c5 2. Nf3 d6 3. d3 Nc6 4. Be2 g6 5. Nc3 Bg7 6. Be3 Nf6 7. a3 O-O 8. O-O b6
9. Rb1 Ng4 10. Bd2 Nge5 11. Nd5 e6 12. Ne3 Bb7 13. c3 d5 14. exd5 exd5 15. Nxe5
Nxe5 16. d4 cxd4 17. cxd4 Nc6 18. Bc3 Qg5 19. Bf3 Ne7 20. Ng4 h5 21. Ne3 Rfd8
22. Re1 Re8 23. b4 Rac8 24. Bd2 Qf6 25. Nc2 Nf5 26. Be3 Nd6 27. Rf1 Ne4 28. Bxe4
Rxe4 29. Ne1 Ba6 0-1

[Event "AUTO-MASTER-2665"]
[Site "http://www.queenalice.com/game.php?id=1504369"]
[Date "2017.11.19"]
[Round "1"]
[White "maxchessbr"]
[Black "Bategoll"]
[Result "1-0"]
[WhiteElo "2285"]
[BlackElo "1949"]

1. e4 e5 2. Nf3 Nc6 3. Bc4 Be7 4. d4 d6 5. dxe5 Nxe5 6. Nxe5 dxe5 7. Qh5 g6 8.
Qxe5 Nf6 9. Nc3 c6 10. Bg5 O-O 11. Rd1 Qb6 12. Bxf6 Bxf6 13. Qxf6 Qxb2 14. Bb3
Bg4 15. f3 Be6 16. Bxe6 fxe6 17. Qxe6+ Kg7 18. Rd7+ Kh8 19. Qe5+ Kg8 20. Qg7#
1-0

[Event "AUTO-OPEN-3873"]
[Site "http://www.queenalice.com/game.php?id=1504398"]
[Date "2017.11.19"]
[Round "1"]
[White "Lopesq"]
[Black "Bategoll"]
[Result "1-0"]
[WhiteElo "1984"]
[BlackElo "1719"]

1. d4 d5 2. c3 e6 3. Nf3 Nf6 4. Bf4 Be7 5. Nbd2 c6 6. e3 O-O 7. Be2 Bd6 8. Bg5
Bd7 9. O-O b5 10. a3 a5 11. b4 a4 12. e4 1-0

[Event "AUTO-OPEN-3873"]
[Site "http://www.queenalice.com/game.php?id=1504399"]
[Date "2017.11.19"]
[Round "1"]
[White "Bategoll"]
[Black "Lopesq"]
[Result "0-1"]
[WhiteElo "1714"]
[BlackElo "1989"]

1. e4 c5 2. Nf3 Nc6 3. Be2 a6 4. d3 e5 5. Nbd2 d6 6. Nf1 Be7 7. Ne3 h6 8. c3 Nf6
9. Bd2 Be6 10. Qc2 O-O 11. O-O Qc8 12. c4 a5 0-1

[Event "AUTO-OPEN-3873"]
[Site "http://www.queenalice.com/game.php?id=1504422"]
[Date "2017.11.19"]
[Round "1"]
[White "Bategoll"]
[Black "gomague"]
[Result "1-0"]
[WhiteElo "1925"]
[BlackElo "1669"]

1. e4 e5 2. Nf3 Nf6 3. Bc4 Bc5 4. d3 O-O 5. Qe2 h6 6. Be3 Bxe3 7. Qxe3 Nc6 8.
Nc3 Re8 9. O-O Na5 10. Bb5 b6 11. a3 a6 12. Ba4 1-0

[Event "AUTO-OPEN-3873"]
[Site "http://www.queenalice.com/game.php?id=1504423"]
[Date "2017.11.19"]
[Round "1"]
[White "gomague"]
[Black "Bategoll"]
[Result "0-1"]
[WhiteElo "1663"]
[BlackElo "1931"]

1. e4 e5 2. f4 Qe7 3. fxe5 Qxe5 4. Qe2 Nf6 5. d3 d5 6. Nf3 Qe7 7. Nc3 Be6 8.
exd5 Nxd5 9. Nxd5 Bxd5 10. Qxe7+ Bxe7 11. Be2 Nc6 12. a3 O-O-O 13. O-O Bf6 0-1

[Event "AUTO-OPEN-3873"]
[Site "http://www.queenalice.com/game.php?id=1504424"]
[Date "2017.11.19"]
[Round "1"]
[White "Bategoll"]
[Black "arniecoruja"]
[Result "0-1"]
[WhiteElo "1916"]
[BlackElo "1992"]

1. e4 e5 2. Nf3 d6 3. Bc4 Nc6 4. c3 h6 5. d3 f5 6. exf5 Bxf5 7. Qe2 a6 8. a3 Nf6
9. Be3 b5 10. Ba2 Qe7 11. Nbd2 g5 12. Nf1 Be6 13. Ng3 Bxa2 0-1

[Event "AUTO-OPEN-3873"]
[Site "http://www.queenalice.com/game.php?id=1504425"]
[Date "2017.11.19"]
[Round "1"]
[White "arniecoruja"]
[Black "Bategoll"]
[Result "1-0"]
[WhiteElo "2005"]
[BlackElo "1685"]

1. d4 d5 2. e3 e6 3. c4 dxc4 4. Bxc4 Qe7 5. Nf3 Qb4+ 6. Nfd2 Nf6 7. a3 Qd6 8.
Nc3 Nc6 9. b4 Be7 10. Bd3 a6 11. Qc2 h6 12. Bb2 b5 13. f4 1-0

[Event "AUTO-ADV-3940"]
[Site "http://www.queenalice.com/game.php?id=1504615"]
[Date "2017.11.20"]
[Round "1"]
[White "pawnforme"]
[Black "Bategoll"]
[Result "1-0"]
[WhiteElo "1998"]
[BlackElo "1724"]

1. d4 d5 2. Nf3 e6 3. Nbd2 Nf6 4. Nb3 Be7 5. g3 c6 6. Bg2 Nbd7 7. e3 Nb6 8. Bd2
Bd7 9. O-O O-O 10. a4 Re8 11. Ne5 Bd6 12. Bc3 Bc8 13. Qe2 1-0

[Event "AUTO-ADV-3940"]
[Site "http://www.queenalice.com/game.php?id=1504616"]
[Date "2017.11.20"]
[Round "1"]
[White "Bategoll"]
[Black "pawnforme"]
[Result "0-1"]
[WhiteElo "1729"]
[BlackElo "1993"]

1. e4 e5 2. Nf3 Nc6 3. Nc3 d6 4. Bc4 Be7 5. d3 h6 6. Qe2 Bg4 7. Be3 Nf6 8. a3 a6
9. h3 Bxf3 10. Qxf3 Qd7 11. Nd5 b5 12. Ba2 Rf8 0-1

[Event "AUTO-ADV-3940"]
[Site "http://www.queenalice.com/game.php?id=1504631"]
[Date "2017.11.20"]
[Round "1"]
[White "Bategoll"]
[Black "jlpbarreto"]
[Result "0-1"]
[WhiteElo "1932"]
[BlackElo "1938"]

1. e4 b5 2. Nf3 Bb7 3. Bxb5 Bxe4 4. Nc3 Bc6 5. Bxc6 Nxc6 6. d3 g6 7. Bd2 Bg7 8.
O-O e6 9. Qc1 Qe7 10. a3 Nf6 11. Bh6 O-O 12. Bxg7 Kxg7 13. Re1 Rab8 14. Ne4 Rb7
15. b4 a6 16. Qe3 e5 0-1

[Event "AUTO-ADV-3940"]
[Site "http://www.queenalice.com/game.php?id=1504632"]
[Date "2017.11.20"]
[Round "1"]
[White "jlpbarreto"]
[Black "Bategoll"]
[Result "1-0"]
[WhiteElo "1921"]
[BlackElo "1949"]

1. e4 e5 2. Nf3 d6 3. d4 exd4 4. Nxd4 Be7 5. c3 Nf6 6. Nf3 Bg4 7. Be2 Nc6 8. Qc2
a6 9. O-O O-O 10. Nbd2 Ne5 11. h3 Nxf3+ 12. Nxf3 Be6 13. Nd4 Bd7 14. b4 c5 15.
Nf3 Bc6 16. Nd2 d5 17. exd5 1-0

[Event "Amigos Bategoll"]
[Site "http://www.queenalice.com/game.php?id=1504657"]
[Date "2017.11.21"]
[Round "1"]
[White "The_Clown"]
[Black "Bategoll"]
[Result "1-0"]
[WhiteElo "1820"]
[BlackElo "1903"]

1. d4 d5 2. c4 e6 3. c5 Nf6 4. Nf3 Be7 5. Nc3 c6 6. b4 O-O 7. e3 Re8 8. Qc2 b5
9. a4 bxa4 10. Rxa4 Nbd7 11. b5 cxb5 12. Bxb5 Bf8 13. O-O a6 14. e4 dxe4 15.
Nxe4 Nxe4 16. Qxe4 Rb8 17. Bxa6 1-0

[Event "1º AEAP 2017"]
[Site "http://www.queenalice.com/game.php?id=1506627"]
[Date "2017.12.3"]
[Round "3"]
[White "Bategoll"]
[Black "Antonino"]
[Result "0-1"]
[WhiteElo "1626"]
[BlackElo "2079"]

1. e4 e6 2. d4 d5 3. exd5 exd5 4. Nf3 Bd6 5. Bd3 h6 6. Nc3 Nf6 7. Qe2+ Qe7 8.
Qxe7+ Bxe7 9. Bd2 O-O 10. O-O-O c6 11. Kb1 Na6 0-1

[Event "Amigos Bategoll"]
[Site "http://www.queenalice.com/game.php?id=1514379"]
[Date "2018.2.1"]
[Round "2"]
[White "Bategoll"]
[Black "JoseMessias"]
[Result "1-0"]
[WhiteElo "1621"]
[BlackElo "1605"]

1. e4 e5 2. Bc4 Nf6 3. Nf3 Nc6 4. d3 Bb4+ 5. c3 Bc5 6. Be3 Bxe3 7. fxe3 Ng4 8.
Qe2 Na5 9. Nbd2 h6 10. Bb5 a6 11. Ba4 c6 12. Bc2 b5 13. Nf1 c5 14. Ng3 h5 15. h3
Nf6 16. Nxe5 h4 17. Nf5 Qc7 18. Nxg7+ Kf8 19. Nxf7 Kxf7 20. Nf5 d5 21. O-O-O
Bxf5 22. exf5 Qe5 23. Kb1 Nh5 24. Qd2 Ng3 25. Rhg1 Nxf5 26. Rdf1 Ke6 27. d4 Nxd4
28. exd4 Nc4 29. Qd3 Qg5 30. Re1+ Kd6 31. dxc5+ Kc6 32. Re6+ Kd7 33. Rg6 Nd2+
34. Ka1 Qf4 35. Qxd5+ Ke7 36. Re1+ Kf8 37. Qxa8+ Kf7 38. Qxh8 Qf2 39. Qh7+ Kf8
40. Qg7# 1-0

[Event "AUTO-OPEN-3781"]
[Site "http://www.queenalice.com/game.php?id=1517732"]
[Date "2018.2.28"]
[Round "2"]
[White "Bategoll"]
[Black "MarceloLopes"]
[Result "1/2-1/2"]
[WhiteElo "1653"]
[BlackElo "1843"]

1. e4 e5 2. Nf3 Nc6 3. Nc3 Bc5 4. a3 d6 5. Be2 Nf6 6. d3 O-O 7. Be3 Bxe3 8. fxe3
d5 9. exd5 Nxd5 10. Nxd5 Qxd5 11. O-O Qd6 12. e4 Qg6 13. Qe1 f6 14. d4 Bh3 15.
Rf2 Bd7 16. d5 Ne7 17. b3 Qxe4 18. d6 cxd6 19. Bc4+ d5 20. Qxe4 Bc6 21. Bxd5+
Bxd5 22. Qe1 Rad8 23. c4 Bc6 24. Nxe5 fxe5 25. Rxf8+ Rxf8 26. Qxe5 Ng6 27. Qe6+
Kh8 28. Qd6 a6 29. a4 Kg8 30. Re1 Nf4 31. Qe5 Nd3 32. Qa1 Nxe1 33. Qxe1 Re8 34.
Qd2 h6 1/2-1/2

[Event "AUTO-OPEN-3781"]
[Site "http://www.queenalice.com/game.php?id=1517733"]
[Date "2018.2.28"]
[Round "2"]
[White "MarceloLopes"]
[Black "Bategoll"]
[Result "1/2-1/2"]
[WhiteElo "1852"]
[BlackElo "1661"]

1. e4 e5 2. Nf3 d6 3. Bc4 Be7 4. d3 Nf6 5. Ng5 O-O 6. Be3 Bg4 7. f3 Bh5 8. g4
Bg6 9. h4 h6 10. h5 Bh7 11. Nh3 Nxg4 12. fxg4 Bh4+ 13. Nf2 Nc6 14. c3 Kh8 15.
Nd2 Bg3 16. Qf3 Bf4 17. Bxf4 exf4 18. Qxf4 f6 19. O-O-O Ne5 20. Rde1 a6 21. Be6
c5 22. Bf5 Qa5 23. a3 Rad8 24. Bxh7 Kxh7 25. Nb3 Qa4 26. Nd2 b5 27. d4 cxd4 28.
cxd4 Qxd4 29. Nb3 Qc4+ 30. Kb1 Qxb3 31. Re3 Qe6 32. Nd3 Qxg4 33. Qg3 Qxg3 34.
Rxg3 Nxd3 35. Rxd3 f5 36. exf5 Rxf5 37. Kc2 d5 38. Kc3 Rc8+ 39. Kb4 Rc4+ 40. Ka5
Ra4+ 41. Kb6 d4 42. Rh4 Rd5 43. Kc6 Rd8 44. Kc5 Rd7 45. Kc6 Rd8 46. Kc5 Rd7 47.
Kc6 Rd8 48. Kc5 1/2-1/2

[Event "AUTO-OPEN-3781"]
[Site "http://www.queenalice.com/game.php?id=1517734"]
[Date "2018.2.28"]
[Round "2"]
[White "Bategoll"]
[Black "Artking"]
[Result "0-1"]
[WhiteElo "1644"]
[BlackElo "2116"]

1. e4 c5 2. Nf3 d6 3. d3 a6 4. Be2 Nd7 5. Nc3 Ngf6 6. Be3 g6 7. O-O Bg7 8. a3
O-O 9. Rb1 e6 10. Qc1 Ng4 11. Bd2 b5 12. h3 Nge5 13. Bh6 Nxf3+ 14. Bxf3 Ne5 15.
Be2 Ra7 16. Bxg7 Kxg7 17. Qf4 f5 18. Qd2 b4 19. axb4 cxb4 20. Nd1 a5 21. exf5
Rxf5 22. Ne3 Rf8 23. Ng4 Nxg4 24. Bxg4 h5 25. Be2 Raf7 26. f4 Qh4 27. Ra1 Bb7
28. Rxa5 Rxf4 29. Raa1 Qg3 30. Bxh5 gxh5 31. Rxf4 Rxf4 0-1

[Event "AUTO-OPEN-3781"]
[Site "http://www.queenalice.com/game.php?id=1517735"]
[Date "2018.2.28"]
[Round "2"]
[White "Artking"]
[Black "Bategoll"]
[Result "1-0"]
[WhiteElo "2120"]
[BlackElo "1636"]

1. c4 e5 2. Nc3 Nf6 3. e4 d6 4. d3 Nc6 5. Nf3 Be7 6. Be2 Be6 7. O-O O-O 8. Ne1
Nd4 9. f4 c5 10. f5 Bd7 11. g4 Bc6 12. g5 Nd7 13. f6 Nxf6 14. gxf6 Bxf6 15. Nf3
Nxe2+ 16. Qxe2 Be7 17. Qg2 Re8 18. Nd5 Bxd5 19. cxd5 Bf8 20. Ng5 1-0

[Event "1º AEAP 2017"]
[Site "http://www.queenalice.com/game.php?id=1521309"]
[Date "2018.3.26"]
[Round "4"]
[White "Bategoll"]
[Black "mvson33"]
[Result "1-0"]
[WhiteElo "1642"]
[BlackElo "1505"]

1. e4 e5 2. Nf3 Nc6 3. Bc4 h6 4. c3 Nf6 5. d3 d6 6. Be3 Be7 7. Nbd2 O-O 8. Nf1
Bd7 9. a3 Nh7 10. Ng3 Kh8 11. Qd2 f5 12. exf5 Nf6 13. Bxh6 Ng4 14. Be3 Nxe3 15.
Qxe3 Bxf5 16. Nxf5 Bf6 17. Ng3 Qe7 18. O-O Kh7 19. Ne4 Rae8 20. Bd5 Qd7 21.
Nxf6+ gxf6 22. Bxc6 bxc6 23. Qxa7 f5 24. Qe3 Kg7 25. b4 f4 26. Qc1 Rg8 27. Ng5
Kg6 28. Nh3 Kh5 29. Qd1+ Kh6 30. Qf3 Rg7 31. Rfe1 Kh7 32. Qh5+ Kg8 33. Nxf4 Qg4
34. Qxe8+ Kh7 35. Qh5+ Qxh5 36. Nxh5 Rf7 37. Ng3 Kg6 38. a4 Rf4 39. Re4 Rf8 40.
a5 Ra8 41. Rc4 Ra6 42. b5 cxb5 43. Rxc7 Kf6 44. Rb7 Ke6 45. Rxb5 1-0

[Event "I AEAP OPEN 2018"]
[Site "http://www.queenalice.com/game.php?id=1535303"]
[Date "2018.7.18"]
[Round "1"]
[White "Bategoll"]
[Black "sallesandre88"]
[Result "0-1"]
[WhiteElo "1669"]
[BlackElo "2037"]

1. d4 d5 2. Nf3 Nc6 3. e3 a6 4. Bd3 Bg4 5. Nc3 Nf6 6. Qe2 e6 7. Bd2 Bb4 8. O-O-O
e5 9. dxe5 Nxe5 10. h3 Bxf3 11. gxf3 Qd6 0-1

[Event "Amigos Bategoll"]
[Site "http://www.queenalice.com/game.php?id=1537631"]
[Date "2018.8.5"]
[Round "4"]
[White "rockaudrey"]
[Black "Bategoll"]
[Result "1-0"]
[WhiteElo "2005"]
[BlackElo "1667"]

1. e4 e5 2. d4 Qe7 3. Nf3 d6 4. dxe5 dxe5 5. Bc4 f6 6. O-O Be6 7. Qe2 Nc6 8. Nc3
O-O-O 9. Bxe6+ Qxe6 10. Nd5 Bc5 11. a3 Nh6 12. b4 Bd6 13. Qb5 Nd4 14. Nxd4 Qd7
15. Qa5 Qa4 16. Qxa4 Bxb4 17. axb4 Rd7 18. Qxa7 Rhd8 19. Nb6+ cxb6 20. Ne6 Nf7
21. Be3 Nd6 22. Bxb6 Nb5 23. Qa5 Nd4 24. Qc5+ Nc6 25. b5 g5 26. Rac1 h5 27. Ra1
h4 28. Rac1 Kb8 29. Ra1 Kc8 30. Rac1 Kb8 31. Ra1 Kc8 32. Rac1 Kb8 33. Ra1 Kc8
34. Rac1 Kb8 35. Ra1 Nd4 36. Ba7+ Ka8 37. Bb6+ Kb8 38. Ba7+ 1-0